000
00327nam a2200133Ia 4500
008
240624s9999 xx 000 0 und d
041
_a
eng
082
_a
174.4 SAG
100
_a
SAGE
245
_a
SAGE BRIEF GUIDE TO BUSINESS ETHICS
260
_c
2012
_a
New Delhi
_b
Sage
300
_a
x, : 391 : p. : cm. ; 22
365
_c
_b
32
999
_c
27816
_d
27816